[Event "Regionalliga NO 1415"]
[Site "Bayern"]
[Date "2015.02.22"]
[Round "7.8"]
[White "Zant, Juergen"]
[Black "Adelhuette, Dennis"]
[Result "1/2-1/2"]
[WhiteElo "1975"]
[BlackElo "1887"]
[PlyCount "49"]
[EventDate "2014.10.19"]
[EventType "team-tourn"]
[EventRounds "9"]
[EventCountry "GER"]
[SourceTitle "EXT 2018"]
[Source "ChessBase"]
[SourceDate "2017.10.13"]
[SourceVersion "1"]
[SourceVersionDate "2017.10.13"]
[SourceQuality "1"]
[WhiteTeam "Windischeschenbach"]
[BlackTeam "Erlangen SC II"]
[WhiteTeamCountry "GER"]
[BlackTeamCountry "GER"]

1. Nf3 Nf6 2. c4 g6 3. Nc3 Bg7 4. d4 d5 5. e3 0-0 6. b4 a5 7. b5 c6 8. Qb3 dxc4 9. Bxc4 cxb5 10. Bxb5 Be6 11. Bc4 Bxc4 12. Qxc4 Nbd7 13. Rb1 Rc8 14. Qb3 Qc7 15. Bd2 b6 16. 0-0 Qc4 17. Qb5 Qxb5 18. Rxb5 Rc4 19. Rfb1 Rfc8 20. Nd5 Nxd5 21. Rxd5 Nf6 22. Rdb5 Nd7 23. Kf1 Rc2 24. R1b2 e6 25. Ke2 1/2-1/2

[Event "Regionalliga NO 1415"]
[Site "Bayern"]
[Date "2014.12.07"]
[Round "4.7"]
[White "Paar, Johannes"]
[Black "Adelhuette, Dennis"]
[Result "0-1"]
[WhiteElo "1976"]
[BlackElo "1887"]
[PlyCount "84"]
[EventDate "2014.10.19"]
[EventType "team-tourn"]
[EventRounds "9"]
[EventCountry "GER"]
[SourceTitle "EXT 2018"]
[Source "ChessBase"]
[SourceDate "2017.10.13"]
[SourceVersion "1"]
[SourceVersionDate "2017.10.13"]
[SourceQuality "1"]
[WhiteTeam "Schwandorf"]
[BlackTeam "Erlangen SC II"]
[WhiteTeamCountry "GER"]
[BlackTeamCountry "GER"]

1. d4 Nf6 2. c4 g6 3. Nc3 d5 4. cxd5 Nxd5 5. e4 Nxc3 6. bxc3 Bg7 7. Bc4 c5 8. Ne2 Nc6 9. Be3 0-0 10. 0-0 Bg4 11. f3 Na5 12. Bxf7+ Rxf7 13. fxg4 Rxf1+ 14. Qxf1 Qd7 15. Qf3 Rf8 16. Qg3 Qe6 17. e5 Qc4 18. Re1 Qxa2 19. Bg5 Nc6 20. Qe3 Qb2 21. Qd3 cxd4 22. cxd4 Qa2 23. Bh4 Qd5 24. Qe3 Rd8 25. Bf2 Qd7 26. h3 e6 27. Rb1 Ne7 28. Qb3 b6 29. Bh4 Re8 30. Bxe7 Rxe7 31. Rc1 Bh6 32. Rd1 Qc6 33. Rd3 Qe4 34. Ng3 Qe1+ 35. Kh2 Bf4 36. Rf3 g5 37. Qd3 Rc7 38. Rxf4 gxf4 39. Nh5 Qc3 40. Nf6+ Kh8 41. Qd1 Qg3+ 42. Kh1 Qe3 0-1

[Event "Forchheim op-B 13th"]
[Site "Forchheim"]
[Date "2014.10.05"]
[Round "5"]
[White "Schwab, Edgar"]
[Black "Adelhuette, Dennis"]
[Result "0-1"]
[WhiteElo "1930"]
[BlackElo "1965"]
[PlyCount "34"]
[EventDate "2014.10.03"]
[EventType "swiss"]
[EventRounds "5"]
[EventCountry "GER"]
[SourceTitle "EXT 2019"]
[Source "ChessBase"]
[SourceDate "2018.10.10"]
[SourceVersion "1"]
[SourceVersionDate "2018.10.10"]
[SourceQuality "1"]

1. d4 Nf6 2. c4 g6 3. Nc3 d5 4. cxd5 Nxd5 5. e4 Nxc3 6. bxc3 Bg7 7. Nf3 c5 8. Be3 Bg4 9. Bb5+ Nd7 10. h3 Bxf3 11. Bxd7+ Qxd7 12. gxf3 Rd8 13. e5 0-0 14. h4 Qc6 15. Rg1 Bxe5 16. Qe2 cxd4 17. cxd4 Qc3+ 0-1

[Event "Forchheim op-B 13th"]
[Site "Forchheim"]
[Date "2014.10.04"]
[Round "4"]
[White "Adelhuette, Dennis"]
[Black "Pohl, Steffen"]
[Result "1-0"]
[WhiteElo "1965"]
[BlackElo "1772"]
[PlyCount "51"]
[EventDate "2014.10.03"]
[EventType "swiss"]
[EventRounds "5"]
[EventCountry "GER"]
[SourceTitle "EXT 2019"]
[Source "ChessBase"]
[SourceDate "2018.10.10"]
[SourceVersion "1"]
[SourceVersionDate "2018.10.10"]
[SourceQuality "1"]

1. Nf3 b6 2. e4 Bb7 3. Nc3 e6 4. d4 Bb4 5. Bd3 Nf6 6. e5 Nd5 7. Bd2 Bxc3 8. bxc3 d6 9. c4 Ne7 10. exd6 Qxd6 11. 0-0 c5 12. Bc3 cxd4 13. Bxd4 0-0 14. Ng5 h6 15. Bh7+ Kh8 16. Bxg7+ Kxg7 17. Qxd6 Nbc6 18. Ne4 Kxh7 19. Nf6+ Kh8 20. Qf4 Kg7 21. Nh5+ Kh7 22. Qf6 Nf5 23. g4 Rg8 24. Qxf7+ Ng7 25. Nf6+ Kh8 26. Qg6 1-0

[Event "Forchheim op-B 13th"]
[Site "Forchheim"]
[Date "2014.10.03"]
[Round "2"]
[White "Corral, Carlos"]
[Black "Adelhuette, Dennis"]
[Result "1/2-1/2"]
[WhiteElo "1990"]
[BlackElo "1965"]
[PlyCount "81"]
[EventDate "2014.10.03"]
[EventType "swiss"]
[EventRounds "5"]
[EventCountry "GER"]
[SourceTitle "EXT 2019"]
[Source "ChessBase"]
[SourceDate "2018.10.10"]
[SourceVersion "1"]
[SourceVersionDate "2018.10.10"]
[SourceQuality "1"]

1. Nc3 e6 2. d4 d5 3. Nf3 Nf6 4. Bg5 c5 5. e4 cxd4 6. Nxd4 dxe4 7. Nxe4 Qa5+ 8. Qd2 Qe5 9. f3 Nxe4 10. fxe4 Qxe4+ 11. Be2 f6 12. 0-0-0 Bc5 13. Nb3 Bb6 14. Bf3 Qg6 15. Bf4 0-0 16. h4 e5 17. h5 Qf5 18. Bh2 Nc6 19. Kb1 Be6 20. Qe2 Bxb3 21. axb3 Nd4 22. Qe4 Qxe4 23. Bxe4 Rab8 24. c3 Nc6 25. Rd7 Rfd8 26. Rxd8+ Rxd8 27. Kc2 Be3 28. b4 Rd2+ 29. Kb3 Nd8 30. Re1 Bg5 31. Bg1 b6 32. Ra1 Rd7 33. Bf5 Rc7 34. Bxb6 axb6 35. Ra8 Kf7 36. Rxd8 g6 37. hxg6+ hxg6 38. Be4 f5 39. Bd5+ Kg7 40. Rd6 Be3 41. Rd8 1/2-1/2

[Event "Nuremberg Zabo op 16th"]
[Site "Nuremberg"]
[Date "2014.09.21"]
[Round "5"]
[White "Lodes, Hermann"]
[Black "Adelhuette, Dennis"]
[Result "1/2-1/2"]
[WhiteElo "2074"]
[BlackElo "1855"]
[PlyCount "39"]
[EventDate "2014.09.19"]
[EventType "swiss"]
[EventRounds "5"]
[EventCountry "GER"]
[SourceTitle "EXT 2018"]
[Source "ChessBase"]
[SourceDate "2017.10.13"]
[SourceVersion "1"]
[SourceVersionDate "2017.10.13"]
[SourceQuality "1"]

1. d4 Nf6 2. c4 g6 3. Nc3 d5 4. cxd5 Nxd5 5. g3 Bg7 6. Bg2 Nxc3 7. bxc3 c5 8. e3 Nc6 9. Ne2 Qa5 10. 0-0 Bg4 11. f3 Be6 12. d5 Rd8 13. e4 Ne5 14. f4 Ng4 15. h3 Nf6 16. Qb3 Bd7 17. e5 Ba4 18. Qxb7 Rd7 19. Qb8+ Rd8 20. Qb7 1/2-1/2

[Event "Mittelfranken-chTB1 1314"]
[Site "Mittelfranken"]
[Date "2014.02.16"]
[Round "6.7"]
[White "Adelhuette, Dennis"]
[Black "Wellmann, Franz Georg"]
[Result "1-0"]
[WhiteElo "1887"]
[BlackElo "1770"]
[PlyCount "69"]
[EventDate "2013.10.20"]
[EventType "team-tourn"]
[EventRounds "9"]
[EventCountry "GER"]
[SourceTitle "EXT 2020"]
[Source "ChessBase"]
[SourceDate "2019.10.17"]
[SourceVersion "1"]
[SourceVersionDate "2019.10.17"]
[SourceQuality "1"]
[WhiteTeam "Erlangen SC II"]
[BlackTeam "Herzogenaurach"]
[WhiteTeamCountry "GER"]
[BlackTeamCountry "GER"]

1. e4 Nc6 2. Nf3 e5 3. Bc4 Nf6 4. d3 Bc5 5. c3 0-0 6. b4 Bb6 7. a4 a6 8. 0-0 h6 9. Be3 Bxe3 10. fxe3 d5 11. exd5 Nxd5 12. Qd2 Be6 13. Na3 Qd6 14. Nc2 Rad8 15. Rad1 Nb6 16. Bxe6 Qxe6 17. a5 Nc4 18. Qe2 Nb2 19. Rd2 Na4 20. c4 Qe7 21. c5 Nc3 22. Qf2 Rd7 23. e4 f5 24. exf5 Rxf5 25. Qe1 Qf6 26. Ne3 Rf4 27. Nc4 Rf7 28. Rc2 e4 29. dxe4 Nxe4 30. Re2 Ng5 31. Re8+ Kh7 32. Nxg5+ hxg5 33. Rxf4 Qxf4 34. Re4 Qf5 35. Re3 1-0